[Event "DEM U10w 2021"]
[Site "Willingen GER"]
[Date "2021.08.27"]
[Round "8"]
[White "Bacakova, Klara"]
[Black "Wilke, Ronja"]
[Result "0-1"]
[Termination "normal"]
[Board "14"]
[WhiteElo "955"]
[BlackElo "823"]
[WhiteClock "00:07:59"]
[BlackClock "00:47:58"]
[PlyCount "126"]
[WhiteFideId "34605762"]
[BlackFideId "16288378"]
[EventCountry "GER"]
[EventRounds "11"]
[EventType "swiss"]
[EventDate "2021.08.22"]

1. d4 {[%clk 01:15:57]} {[%emt 00:00:03]} d5 {[%clk 01:15:55]} {[%emt
00:00:05]} 2. c4 {[%clk 01:16:16]} {[%emt 00:00:10]} e6 {[%clk 01:16:15]}
{[%emt 00:00:11]} 3. Nc3 {[%clk 01:16:30]} {[%emt 00:00:16]} Nf6 {[%clk
01:16:13]} {[%emt 00:00:32]} 4. Nf3 {[%clk 01:16:08]} {[%emt 00:00:51]} Be7
{[%clk 01:16:32]} {[%emt 00:00:13]} 5. Bf4 {[%clk 01:13:50]} {[%emt 00:02:47]}
O-O {[%clk 01:16:12]} {[%emt 00:00:51]} 6. e3 {[%clk 01:12:06]} {[%emt
00:02:14]} Nbd7 {[%clk 01:15:24]} {[%emt 00:01:17]} 7. Bd3 {[%clk 01:11:19]}
{[%emt 00:01:17]} dxc4 {[%clk 01:11:12]} {[%emt 00:04:41]} 8. Bxc4 {[%clk
01:11:16]} {[%emt 00:00:32]} a6 {[%clk 01:10:55]} {[%emt 00:00:49]} 9. O-O
{[%clk 01:09:22]} {[%emt 00:02:24]} b5 {[%clk 01:10:57]} {[%emt 00:00:28]} 10.
Bb3 {[%clk 01:08:58]} {[%emt 00:00:54]} Bb7 {[%clk 01:10:12]} {[%emt 00:01:15]}
11. Re1 {[%clk 01:08:40]} {[%emt 00:00:48]} Ne4 {[%clk 01:06:44]} {[%emt
00:03:58]} 12. Bc2 {[%clk 01:06:16]} {[%emt 00:02:53]} f5 {[%clk 01:06:01]}
{[%emt 00:01:15]} 13. Bb3 {[%clk 01:04:27]} {[%emt 00:02:18]} Bb4 {[%clk
01:05:47]} {[%emt 00:00:44]} 14. Bxe6+ {[%clk 01:02:35]} {[%emt 00:02:22]} Kh8
{[%clk 01:05:27]} {[%emt 00:00:50]} 15. Rc1 {[%clk 01:00:32]} {[%emt 00:02:33]}
Qe7 {[%clk 01:03:49]} {[%emt 00:02:08]} 16. Bb3 {[%clk 00:57:19]} {[%emt
00:03:42]} Rac8 {[%clk 01:01:01]} {[%emt 00:03:18]} 17. Rf1 {[%clk 00:56:16]}
{[%emt 00:01:33]} Nef6 {[%clk 00:56:24]} {[%emt 00:05:08]} 18. a3 {[%emt
00:09:46]} Ba5 {[%clk 00:55:31]} {[%emt 00:01:22]} 19. h3 {[%clk 00:41:53]}
{[%emt 00:05:37]} g6 {[%clk 00:51:45]} {[%emt 00:04:16]} 20. Bg5 {[%clk
00:39:41]} {[%emt 00:02:42]} Qd6 {[%clk 00:50:04]} {[%emt 00:02:11]} 21. Ba2
{[%clk 00:36:13]} {[%emt 00:03:58]} Ne4 {[%clk 00:49:06]} {[%emt 00:01:28]} 22.
b4 {[%clk 00:33:52]} {[%emt 00:02:51]} Nxg5 {[%clk 00:47:34]} {[%emt 00:02:01]}
23. Nxg5 {[%clk 00:33:53]} {[%emt 00:00:30]} Qf6 {[%clk 00:47:19]} {[%emt
00:00:45]} 24. Nf3 {[%clk 00:31:47]} {[%emt 00:02:37]} Bb6 {[%clk 00:47:25]}
{[%emt 00:00:23]} 25. Nd5 {[%clk 00:31:13]} {[%emt 00:01:04]} Bxd5 {[%clk
00:45:59]} {[%emt 00:01:54]} 26. Bxd5 {[%clk 00:28:51]} {[%emt 00:02:53]} Qd6
{[%clk 00:45:33]} {[%emt 00:00:58]} 27. Bb3 {[%clk 00:25:16]} {[%emt 00:04:04]}
c6 {[%clk 00:44:25]} {[%emt 00:01:39]} 28. Ng5 {[%clk 00:22:07]} {[%emt
00:03:39]} Bc7 {[%emt 00:00:40]} 29. f4 {[%clk 00:20:28]} {[%emt 00:01:56]} Kg7
{[%clk 00:44:15]} {[%emt 00:00:42]} 30. Ne6+ {[%clk 00:19:19]} {[%emt
00:01:40]} Kh8 {[%clk 00:43:48]} {[%emt 00:00:56]} 31. Nxf8 {[%emt 00:01:00]}
Rxf8 {[%emt 00:00:39]} 32. d5 {[%clk 00:16:08]} {[%emt 00:02:02]} cxd5 {[%clk
00:43:41]} {[%emt 00:00:37]} 33. Qd4+ {[%clk 00:15:02]} {[%emt 00:01:35]} Nf6
{[%clk 00:43:29]} {[%emt 00:00:43]} 34. Bxd5 {[%clk 00:12:47]} {[%emt
00:02:44]} Bb6 {[%clk 00:43:07]} {[%emt 00:00:52]} 35. Qe5 {[%clk 00:11:38]}
{[%emt 00:01:40]} Qxe5 {[%clk 00:43:14]} {[%emt 00:00:22]} 36. fxe5 {[%clk
00:11:36]} {[%emt 00:00:32]} Bxe3+ {[%clk 00:43:16]} {[%emt 00:00:26]} 37. Kh1
{[%clk 00:11:34]} {[%emt 00:00:33]} Bxc1 {[%clk 00:43:15]} {[%emt 00:00:30]}
38. exf6 {[%clk 00:11:43]} {[%emt 00:00:21]} Bb2 {[%clk 00:43:23]} {[%emt
00:00:23]} 39. Rf3 {[%clk 00:10:44]} {[%emt 00:01:30]} Bxf6 {[%clk 00:43:34]}
{[%emt 00:00:16]} 40. Rc3 {[%clk 00:09:38]} {[%emt 00:01:37]} Bxc3 {[%clk
00:43:46]} {[%emt 00:00:17]} 41. Kg1 {[%clk 00:09:17]} {[%emt 00:00:52]} Bb2
{[%clk 00:43:39]} {[%emt 00:00:38]} 42. Kf1 {[%clk 00:09:24]} {[%emt 00:00:22]}
Bxa3 {[%clk 00:43:59]} {[%emt 00:00:09]} 43. Ke2 {[%clk 00:09:17]} {[%emt
00:00:37]} Bxb4 {[%clk 00:44:16]} {[%emt 00:00:13]} 44. Bc6 {[%clk 00:09:31]}
{[%emt 00:00:17]} Rd8 {[%clk 00:44:17]} {[%emt 00:00:30]} 45. Ke3 {[%clk
00:09:23]} {[%emt 00:00:36]} a5 {[%emt 00:00:40]} 46. Bxb5 {[%clk 00:06:34]}
{[%emt 00:02:57]} Kg7 {[%clk 00:44:43]} {[%emt 00:00:17]} 47. Ba4 {[%clk
00:06:57]} {[%emt 00:00:08]} Kf6 {[%clk 00:44:24]} {[%emt 00:00:48]} 48. Ke2
{[%clk 00:07:15]} {[%emt 00:00:12]} Ke5 {[%clk 00:44:20]} {[%emt 00:00:35]} 49.
g3 {[%clk 00:00:00]} {[%emt 00:01:21]} g5 {[%clk 00:00:00]} {[%emt 00:00:59]}
50. Ke3 {[%clk 00:08:55]} {[%emt 00:02:19]} h5 {[%clk 00:46:19]} {[%emt
00:00:25]} 51. Ke2 {[%clk 00:09:01]} {[%emt 00:00:24]} f4 {[%clk 00:46:18]}
{[%emt 00:00:31]} 52. g4 {[%clk 00:09:00]} {[%emt 00:00:31]} hxg4 {[%clk
00:46:36]} {[%emt 00:00:11]} 53. hxg4 {[%clk 00:09:20]} {[%emt 00:00:11]} Ke4
{[%clk 00:46:31]} {[%emt 00:00:35]} 54. Kf2 {[%clk 00:09:22]} {[%emt 00:00:27]}
f3 {[%clk 00:46:38]} {[%emt 00:00:24]} 55. Kg3 {[%clk 00:09:07]} {[%emt
00:00:42]} Ke3 {[%clk 00:46:37]} {[%emt 00:00:35]} 56. Bb5 {[%clk 00:09:11]}
{[%emt 00:00:26]} f2 {[%clk 00:46:36]} {[%emt 00:00:29]} 57. Kg2 {[%clk
00:09:12]} {[%emt 00:00:30]} Ra8 {[%clk 00:46:45]} {[%emt 00:00:21]} 58. Kf1
{[%clk 00:08:31]} {[%emt 00:01:11]} a4 {[%clk 00:46:59]} {[%emt 00:00:16]} 59.
Bxa4 {[%clk 00:07:49]} {[%emt 00:01:11]} Rxa4 {[%clk 00:47:20]} {[%emt
00:00:09]} 60. Kg2 {[%clk 00:08:02]} {[%emt 00:00:17]} Ke2 {[%clk 00:47:36]}
{[%emt 00:00:14]} 61. Kg3 {[%clk 00:07:39]} {[%emt 00:02:32]} f1=Q {[%clk
00:47:16]} {[%emt 00:00:36]} 62. Kh2 {[%clk 00:08:03]} {[%emt 00:00:20]} Qf2
{[%clk 00:47:36]} {[%emt 00:00:12]} 63. Kh3 {[%clk 00:07:59]} {[%emt 00:00:32]}
Ra3+ {[%clk 00:47:58]} {[%emt 00:00:08]} 0-1

[Event "DEM U10w 2021"]
[Site "Willingen GER"]
[Date "2021.08.27"]
[Round "8"]
[White "Marrufo, Adriana"]
[Black "Margaryan, Mane"]
[Result "1-0"]
[Termination "normal"]
[Board "15"]
[WhiteElo "850"]
[BlackElo "893"]
[WhiteClock "01:00:20"]
[BlackClock "00:59:38"]
[PlyCount "33"]
[WhiteFideId "34630252"]
[BlackFideId "16268237"]
[EventCountry "GER"]
[EventRounds "11"]
[EventType "swiss"]
[EventDate "2021.08.22"]

1. e4 {[%clk 01:15:54]} {[%emt 00:00:06]} d5 {[%clk 01:15:57]} {[%emt
00:00:04]} 2. e5 {[%clk 01:16:08]} {[%emt 00:00:16]} c5 {[%clk 01:16:21]}
{[%emt 00:00:06]} 3. c3 {[%clk 01:16:15]} {[%emt 00:00:23]} Bf5 {[%clk
01:16:04]} {[%emt 00:00:46]} 4. d4 {[%clk 01:16:16]} {[%emt 00:00:29]} e6
{[%clk 01:15:23]} {[%emt 00:01:11]} 5. Be3 {[%clk 01:14:14]} {[%emt 00:02:31]}
c4 {[%clk 01:14:13]} {[%emt 00:01:41]} 6. Nd2 {[%clk 01:11:31]} {[%emt
00:03:12]} Ne7 {[%clk 01:12:58]} {[%emt 00:01:46]} 7. Ngf3 {[%clk 01:09:28]}
{[%emt 00:02:32]} Nec6 {[%clk 01:11:53]} {[%emt 00:01:37]} 8. Be2 {[%clk
01:06:35]} {[%emt 00:03:22]} Be7 {[%clk 01:11:57]} {[%emt 00:00:26]} 9. O-O
{[%clk 01:05:53]} {[%emt 00:01:13]} O-O {[%clk 01:12:22]} {[%emt 00:00:05]} 10.
h3 {[%clk 01:05:11]} {[%emt 00:01:11]} Nd7 {[%clk 01:12:20]} {[%emt 00:00:33]}
11. Nh2 {[%clk 01:04:18]} {[%emt 00:01:22]} Nb6 {[%clk 01:11:14]} {[%emt
00:01:37]} 12. Bg4 {[%clk 01:03:21]} {[%emt 00:01:26]} Bxg4 {[%clk 01:11:29]}
{[%emt 00:00:15]} 13. Qxg4 {[%clk 01:02:49]} {[%emt 00:01:02]} h6 {[%clk
01:11:30]} {[%emt 00:00:31]} 14. Bxh6 {[%clk 01:02:42]} {[%emt 00:00:36]} Bg5
{[%clk 01:00:09]} {[%emt 00:11:53]} 15. Bxg5 {[%clk 01:01:50]} {[%emt
00:01:22]} Ne7 {[%clk 01:00:12]} {[%emt 00:00:27]} 16. Bf6 {[%clk 01:00:48]}
{[%emt 00:01:32]} g6 {[%clk 00:59:38]} {[%emt 00:01:04]} 17. Qh4 {[%clk
01:00:20]} {[%emt 00:00:59]} 1-0

[Event "DEM U10w 2021"]
[Site "Willingen GER"]
[Date "2021.08.27"]
[Round "8"]
[White "Mader, Theresa"]
[Black "Leistritz, Romina"]
[Result "1-0"]
[Termination "normal"]
[Board "16"]
[WhiteElo "1078"]
[BlackElo "1047"]
[WhiteClock "00:34:05"]
[BlackClock "00:01:44"]
[PlyCount "49"]
[WhiteFideId "34605657"]
[EventCountry "GER"]
[EventRounds "11"]
[EventType "swiss"]
[EventDate "2021.08.22"]

1. e4 {[%clk 01:15:58]} {[%emt 00:00:02]} c5 {[%clk 01:15:57]} {[%emt
00:00:03]} 2. f4 {[%clk 01:16:20]} {[%emt 00:00:09]} Nc6 {[%clk 01:16:20]}
{[%emt 00:00:07]} 3. Nf3 {[%clk 01:16:41]} {[%emt 00:00:09]} Nf6 {[%clk
01:15:22]} {[%emt 00:01:27]} 4. Nc3 {[%clk 01:16:55]} {[%emt 00:00:17]} e6
{[%clk 01:14:46]} {[%emt 00:01:06]} 5. e5 {[%clk 01:15:51]} {[%emt 00:01:33]}
Nd5 {[%clk 01:14:27]} {[%emt 00:00:49]} 6. Ne4 {[%clk 01:14:35]} {[%emt
00:01:47]} d6 {[%clk 01:11:58]} {[%emt 00:02:59]} 7. d4 {[%clk 01:12:53]}
{[%emt 00:02:10]} Be7 {[%clk 01:08:24]} {[%emt 00:04:04]} 8. Bc4 {[%clk
01:10:44]} {[%emt 00:02:40]} O-O {[%clk 01:07:14]} {[%emt 00:01:39]} 9. O-O
{[%clk 01:10:07]} {[%emt 00:01:08]} a6 {[%clk 01:03:01]} {[%emt 00:04:44]} 10.
a3 {[%clk 01:09:33]} {[%emt 00:01:04]} b5 {[%clk 01:02:52]} {[%emt 00:00:39]}
11. Ba2 {[%clk 01:09:41]} {[%emt 00:00:21]} Bb7 {[%clk 01:00:08]} {[%emt
00:03:14]} 12. c3 {[%clk 01:06:16]} {[%emt 00:03:55]} Qc7 {[%clk 00:50:37]}
{[%emt 00:10:01]} 13. Qe1 {[%emt 00:09:02]} Rad8 {[%clk 00:48:00]} 14. Qg3
{[%clk 00:56:38]} {[%emt 00:04:42]} b4 {[%clk 00:40:23]} {[%emt 00:08:08]} 15.
axb4 {[%clk 00:54:34]} {[%emt 00:02:34]} cxb4 {[%clk 00:39:44]} {[%emt
00:01:09]} 16. Bc4 {[%clk 00:52:17]} {[%emt 00:02:47]} bxc3 {[%clk 00:33:09]}
{[%emt 00:07:07]} 17. bxc3 {[%clk 00:51:36]} {[%emt 00:01:10]} Na5 {[%clk
00:29:05]} {[%emt 00:04:33]} 18. Bxd5 {[%clk 00:47:17]} {[%emt 00:04:49]} Bxd5
{[%clk 00:28:42]} {[%emt 00:00:53]} 19. Nf2 {[%clk 00:44:16]} {[%emt 00:03:31]}
Bc4 {[%clk 00:24:27]} {[%emt 00:04:45]} 20. Re1 {[%clk 00:41:39]} {[%emt
00:03:07]} Nb3 {[%clk 00:20:06]} {[%emt 00:04:52]} 21. Rb1 {[%clk 00:38:29]}
{[%emt 00:03:40]} Nxc1 {[%clk 00:18:20]} {[%emt 00:02:17]} 22. Rexc1 {[%clk
00:37:55]} {[%emt 00:01:02]} Rb8 {[%clk 00:12:23]} {[%emt 00:06:26]} 23. Ra1
{[%clk 00:36:23]} {[%emt 00:02:03]} dxe5 {[%clk 00:05:30]} {[%emt 00:07:23]}
24. fxe5 {[%clk 00:35:37]} {[%emt 00:01:15]} Qc6 {[%clk 00:01:44]} {[%emt
00:04:16]} 25. Nd2 {[%clk 00:34:05]} {[%emt 00:02:03]} 1-0

[Event "DEM U10w 2021"]
[Site "Willingen GER"]
[Date "2021.08.27"]
[Round "8"]
[White "Marrufo, Leandra"]
[Black "Müller, Ariana"]
[Result "0-1"]
[Termination "normal"]
[Board "17"]
[WhiteElo "755"]
[BlackElo "1006"]
[WhiteClock "00:45:06"]
[BlackClock "00:35:30"]
[PlyCount "92"]
[WhiteFideId "34630260"]
[BlackFideId "34615024"]
[EventCountry "GER"]
[EventRounds "11"]
[EventType "swiss"]
[EventDate "2021.08.22"]

1. e4 {[%clk 01:15:56]} {[%emt 00:00:04]} e5 {[%clk 01:15:57]} {[%emt
00:00:04]} 2. Nf3 {[%clk 01:16:12]} {[%emt 00:00:14]} Nc6 {[%clk 01:16:18]}
{[%emt 00:00:08]} 3. Bc4 {[%clk 01:16:35]} {[%emt 00:00:07]} Be7 {[%clk
01:16:39]} {[%emt 00:00:09]} 4. Nc3 {[%clk 01:16:24]} {[%emt 00:00:41]} Nf6
{[%clk 01:16:38]} {[%emt 00:00:31]} 5. d3 {[%clk 01:15:58]} {[%emt 00:00:56]}
d6 {[%clk 01:16:37]} {[%emt 00:00:31]} 6. h3 {[%clk 01:16:14]} {[%emt
00:00:13]} O-O {[%clk 01:16:12]} {[%emt 00:00:55]} 7. Bg5 {[%clk 01:16:09]}
{[%emt 00:00:35]} Be6 {[%clk 01:14:25]} {[%emt 00:02:18]} 8. Bb3 {[%clk
01:16:22]} {[%emt 00:00:18]} Qd7 {[%clk 01:13:59]} {[%emt 00:00:56]} 9. O-O
{[%clk 01:16:31]} {[%emt 00:00:20]} Nh5 {[%clk 01:11:35]} {[%emt 00:02:55]} 10.
Nxe5 {[%clk 01:16:35]} {[%emt 00:00:26]} dxe5 {[%emt 00:01:03]} 11. Qxh5 {[%clk
01:16:32]} {[%emt 00:00:29]} Bxg5 {[%clk 01:09:31]} {[%emt 00:02:03]} 12. Qxg5
{[%clk 01:16:14]} {[%emt 00:00:49]} h6 {[%clk 01:08:33]} {[%emt 00:01:29]} 13.
Qg3 {[%clk 01:15:49]} {[%emt 00:00:55]} Rad8 {[%clk 01:07:27]} {[%emt
00:01:36]} 14. f4 {[%clk 01:05:57]} {[%emt 00:10:22]} f6 {[%clk 01:04:42]}
{[%emt 00:03:15]} 15. f5 {[%clk 01:05:31]} {[%emt 00:00:56]} Bxb3 {[%clk
01:04:09]} {[%emt 00:01:03]} 16. axb3 {[%clk 01:05:52]} {[%emt 00:00:09]} a6
{[%clk 01:02:57]} {[%emt 00:01:42]} 17. Rf3 {[%clk 01:05:59]} {[%emt 00:00:23]}
Nd4 {[%clk 01:01:09]} {[%emt 00:02:17]} 18. Re3 {[%clk 01:05:35]} {[%emt
00:00:54]} Nxc2 {[%clk 01:01:05]} {[%emt 00:00:34]} 19. Rae1 {[%clk 01:05:17]}
{[%emt 00:00:37]} Nxe1 {[%clk 01:01:14]} {[%emt 00:00:33]} 20. Rxe1 {[%clk
01:05:28]} {[%emt 00:00:19]} Qxd3 {[%clk 01:00:42]} {[%emt 00:01:03]} 21. Qg4
{[%clk 01:04:35]} {[%emt 00:01:08]} Qd2 {[%clk 01:00:04]} {[%emt 00:01:20]} 22.
Rf1 {[%clk 01:02:14]} {[%emt 00:02:53]} Qxb2 {[%clk 00:57:06]} {[%emt
00:03:28]} 23. Nd1 {[%clk 01:01:21]} {[%emt 00:01:22]} Qxb3 {[%clk 00:56:23]}
{[%emt 00:01:14]} 24. Nf2 {[%clk 00:59:05]} {[%emt 00:02:45]} Rd2 {[%clk
00:55:01]} {[%emt 00:01:52]} 25. Nh1 {[%clk 00:57:35]} {[%emt 00:02:00]} Rfd8
{[%clk 00:54:34]} {[%emt 00:00:57]} 26. Rf3 {[%clk 00:56:37]} {[%emt 00:01:29]}
Qb1+ {[%clk 00:53:08]} {[%emt 00:01:56]} 27. Kh2 {[%clk 00:56:52]} {[%emt
00:00:15]} Rb2 {[%clk 00:53:03]} {[%emt 00:00:36]} 28. Rg3 {[%clk 00:57:05]}
{[%emt 00:00:16]} Rd7 {[%clk 00:51:34]} {[%emt 00:02:00]} 29. Nf2 {[%clk
00:56:11]} {[%emt 00:01:24]} Qc1 {[%clk 00:50:09]} {[%emt 00:01:50]} 30. Nd3
{[%clk 00:56:21]} {[%emt 00:00:23]} Qc2 {[%clk 00:47:45]} {[%emt 00:02:55]} 31.
Nxb2 {[%clk 00:56:27]} {[%emt 00:00:25]} Qxb2 {[%clk 00:48:01]} {[%emt
00:00:14]} 32. h4 {[%clk 00:56:30]} {[%emt 00:00:26]} Kf8 {[%clk 00:47:37]}
{[%emt 00:00:53]} 33. h5 {[%clk 00:55:33]} {[%emt 00:01:27]} Qb1 {[%clk
00:46:42]} {[%emt 00:01:25]} 34. Qg6 {[%clk 00:52:12]} {[%emt 00:03:51]} Ke7
{[%clk 00:44:56]} {[%emt 00:02:14]} 35. Qxg7+ {[%clk 00:51:13]} {[%emt
00:01:30]} Kd6 {[%clk 00:45:07]} {[%emt 00:00:19]} 36. Qxf6+ {[%clk 00:50:56]}
{[%emt 00:00:47]} Kc5 {[%clk 00:45:03]} {[%emt 00:00:29]} 37. Qxe5+ {[%clk
00:51:01]} {[%emt 00:00:30]} Kb6 {[%clk 00:45:14]} {[%emt 00:00:20]} 38. Rg6+
{[%clk 00:51:05]} {[%emt 00:00:25]} Ka7 {[%emt 00:00:18]} 39. Qe6 {[%emt
00:00:51]} Rd2 {[%clk 00:43:02]} {[%emt 00:01:34]} 40. f6 {[%clk 00:46:43]}
{[%emt 00:04:17]} Qf1 {[%clk 00:41:21]} {[%emt 00:02:46]} 41. Kh3 {[%clk
00:46:58]} {[%emt 00:00:15]} Qh1+ {[%clk 00:41:24]} {[%emt 00:00:28]} 42. Kg3
{[%clk 00:47:07]} {[%emt 00:00:20]} Qxg2+ {[%clk 00:40:15]} {[%emt 00:01:40]}
43. Kf4 {[%clk 00:47:12]} {[%emt 00:00:24]} Qf2+ {[%clk 00:38:25]} {[%emt
00:02:20]} 44. Ke5 {[%clk 00:46:55]} {[%emt 00:00:47]} Qh2+ {[%clk 00:38:11]}
{[%emt 00:00:44]} 45. Kf5 {[%clk 00:44:56]} {[%emt 00:02:29]} Rf2+ {[%clk
00:37:00]} {[%emt 00:01:42]} 46. Kg4 {[%clk 00:45:06]} {[%emt 00:00:20]} Rf4#
{[%clk 00:35:30]} {[%emt 00:01:04]} 0-1

[Event "DEM U10w 2021"]
[Site "Willingen GER"]
[Date "2021.08.27"]
[Round "8"]
[White "Funke, Luise"]
[Black "Guliyeva, Zahra"]
[Result "1-0"]
[Termination "normal"]
[Board "18"]
[WhiteElo "737"]
[BlackElo "783"]
[WhiteClock "01:09:57"]
[BlackClock "01:10:56"]
[PlyCount "35"]
[WhiteFideId "34623752"]
[BlackFideId "34630198"]
[EventCountry "GER"]
[EventRounds "11"]
[EventType "swiss"]
[EventDate "2021.08.22"]

1. e4 {[%clk 01:15:58]} {[%emt 00:00:02]} e5 {[%clk 01:16:23]} {[%emt
00:00:07]} 2. Nf3 {[%clk 01:16:24]} {[%emt 00:00:05]} Nc6 {[%clk 01:16:43]}
{[%emt 00:00:09]} 3. Bc4 {[%clk 01:16:48]} {[%emt 00:00:06]} Bc5 {[%clk
01:17:03]} {[%emt 00:00:11]} 4. c3 {[%clk 01:17:12]} {[%emt 00:00:05]} Nf6
{[%clk 01:17:26]} {[%emt 00:00:07]} 5. d4 {[%clk 01:17:34]} {[%emt 00:00:08]}
exd4 {[%clk 01:17:48]} {[%emt 00:00:08]} 6. O-O {[%clk 01:17:54]} {[%emt
00:00:11]} dxc3 {[%clk 01:16:39]} {[%emt 00:01:38]} 7. e5 {[%clk 01:17:47]}
{[%emt 00:00:37]} Ne4 {[%clk 01:16:16]} {[%emt 00:00:54]} 8. Re1 {[%clk
01:17:51]} {[%emt 00:00:26]} Nxf2 {[%clk 01:16:10]} {[%emt 00:00:36]} 9. Qc2
{[%clk 01:17:03]} {[%emt 00:01:17]} Nb4 {[%clk 01:15:02]} {[%emt 00:01:38]} 10.
Qe2 {[%clk 01:16:28]} {[%emt 00:01:05]} d6 {[%clk 01:14:49]} {[%emt 00:00:44]}
11. Nxc3 {[%clk 01:15:37]} {[%emt 00:01:20]} dxe5 {[%clk 01:14:14]} {[%emt
00:01:04]} 12. Qxe5+ {[%clk 01:15:13]} {[%emt 00:00:55]} Qe7 {[%clk 01:12:33]}
{[%emt 00:02:11]} 13. Bg5 {[%clk 01:13:04]} {[%emt 00:02:38]} Ng4+ {[%clk
01:12:28]} {[%emt 00:00:36]} 14. Qxc5 {[%clk 01:11:40]} {[%emt 00:01:55]} O-O
{[%clk 01:11:33]} {[%emt 00:01:21]} 15. Qxe7 {[%clk 01:11:56]} {[%emt
00:00:16]} Bf5 {[%clk 01:11:07]} {[%emt 00:00:57]} 16. Rad1 {[%clk 01:10:40]}
{[%emt 00:01:46]} Rfe8 {[%clk 01:11:21]} {[%emt 00:00:17]} 17. Qxe8+ {[%clk
01:09:34]} {[%emt 00:01:35]} Rxe8 {[%clk 01:10:56]} {[%emt 00:00:56]} 18. Rxe8#
{[%clk 01:09:57]} {[%emt 00:00:07]} 1-0

[Event "DEM U10w 2021"]
[Site "Willingen GER"]
[Date "2021.08.28"]
[Round "9"]
[White "Meier, Viktoria"]
[Black "Xiao, Yiyi"]
[Result "0-1"]
[Termination "normal"]
[Board "1"]
[WhiteElo "1280"]
[BlackElo "1368"]
[WhiteClock "01:06:14"]
[BlackClock "01:06:02"]
[PlyCount "74"]
[WhiteFideId "34678298"]
[BlackFideId "34605665"]
[EventCountry "GER"]
[EventRounds "11"]
[EventType "swiss"]
[EventDate "2021.08.22"]

1. d4 {[%clk 01:15:58]} {[%emt 00:00:01]} d5 {[%clk 01:15:49]} {[%emt
00:00:11]} 2. Nf3 {[%clk 01:16:22]} {[%emt 00:00:06]} Nf6 {[%clk 01:15:53]}
{[%emt 00:00:27]} 3. e3 {[%clk 01:16:44]} {[%emt 00:00:08]} Bg4 {[%clk
01:15:31]} {[%emt 00:00:52]} 4. c4 {[%clk 01:17:04]} {[%emt 00:00:10]} e6
{[%clk 01:14:21]} {[%emt 00:01:38]} 5. Qb3 {[%clk 01:17:17]} {[%emt 00:00:18]}
b6 {[%clk 01:14:04]} {[%emt 00:00:47]} 6. Qa4+ {[%clk 01:17:03]} {[%emt
00:00:44]} Qd7 {[%clk 01:14:10]} {[%emt 00:00:25]} 7. Qxd7+ {[%clk 01:16:36]}
{[%emt 00:00:57]} Nbxd7 {[%clk 01:14:22]} {[%emt 00:00:15]} 8. Nc3 {[%clk
01:16:00]} {[%emt 00:01:08]} c5 {[%clk 01:13:31]} {[%emt 00:01:21]} 9. Bd3
{[%clk 01:15:52]} {[%emt 00:00:39]} Bd6 {[%clk 01:13:09]} {[%emt 00:00:52]} 10.
e4 {[%clk 01:15:09]} {[%emt 00:01:13]} dxe4 {[%clk 01:12:29]} {[%emt 00:01:10]}
11. Nxe4 {[%clk 01:15:11]} {[%emt 00:00:27]} Be7 {[%clk 01:12:33]} {[%emt
00:00:26]} 12. Be3 {[%clk 01:14:51]} {[%emt 00:00:50]} Rc8 {[%clk 01:12:21]}
{[%emt 00:00:42]} 13. b3 {[%clk 01:14:29]} {[%emt 00:00:53]} h6 {[%clk
01:09:54]} {[%emt 00:02:56]} 14. h3 {[%clk 01:14:25]} {[%emt 00:00:35]} Bh5
{[%clk 01:09:32]} {[%emt 00:00:51]} 15. g4 {[%clk 01:14:27]} {[%emt 00:00:28]}
Bg6 {[%clk 01:09:43]} {[%emt 00:00:20]} 16. Nxf6+ {[%clk 01:14:37]} {[%emt
00:00:20]} Bxf6 {[%clk 01:09:30]} {[%emt 00:00:41]} 17. Bxg6 {[%clk 01:14:54]}
{[%emt 00:00:15]} fxg6 {[%clk 01:09:45]} {[%emt 00:00:14]} 18. O-O-O {[%clk
01:14:17]} {[%emt 00:01:08]} Rf8 {[%clk 01:09:39]} {[%emt 00:00:35]} 19. Nh2
{[%clk 01:13:11]} {[%emt 00:01:37]} Bh4 {[%clk 01:09:32]} {[%emt 00:00:36]} 20.
f4 {[%clk 01:11:41]} {[%emt 00:02:01]} Bg3 {[%clk 01:09:23]} {[%emt 00:00:38]}
21. Rdf1 {[%clk 01:11:45]} {[%emt 00:00:26]} cxd4 {[%clk 01:09:12]} {[%emt
00:00:42]} 22. Bxd4 {[%emt 00:00:51]} Bxf4+ {[%clk 01:09:11]} {[%emt 00:00:29]}
23. Kc2 {[%clk 01:10:58]} {[%emt 00:00:58]} e5 {[%clk 01:09:22]} {[%emt
00:00:19]} 24. Re1 {[%clk 01:10:55]} {[%emt 00:00:32]} Rf7 {[%clk 01:09:09]}
{[%emt 00:00:43]} 25. Re2 {[%clk 01:10:35]} {[%emt 00:00:51]} Re7 {[%clk
01:09:11]} {[%emt 00:00:27]} 26. Bc3 {[%clk 01:10:35]} {[%emt 00:00:30]} e4
{[%clk 01:09:02]} {[%emt 00:00:39]} 27. Bd2 {[%clk 01:10:09]} {[%emt 00:00:56]}
g5 {[%clk 01:08:40]} {[%emt 00:00:53]} 28. Rhe1 {[%clk 01:10:14]} {[%emt
00:00:25]} Nf6 {[%clk 01:08:45]} {[%emt 00:00:25]} 29. Bxf4 {[%clk 01:09:31]}
{[%emt 00:01:13]} gxf4 {[%clk 01:08:57]} {[%emt 00:00:18]} 30. Nf3 {[%clk
01:09:39]} {[%emt 00:00:22]} e3 {[%clk 01:08:16]} {[%emt 00:01:10]} 31. Nd4
{[%clk 01:09:34]} {[%emt 00:00:36]} Kf7 {[%clk 01:07:29]} {[%emt 00:01:16]} 32.
Nf5 {[%clk 01:09:36]} {[%emt 00:00:29]} Rd7 {[%clk 01:07:13]} {[%emt 00:00:46]}
33. Rd1 {[%clk 01:09:14]} {[%emt 00:00:52]} Rcd8 {[%clk 01:07:16]} {[%emt
00:00:27]} 34. Rxd7+ {[%clk 01:08:05]} {[%emt 00:01:39]} Rxd7 {[%clk 01:07:27]}
{[%emt 00:00:18]} 35. Re1 {[%clk 01:08:13]} {[%emt 00:00:23]} Ne4 {[%clk
01:06:57]} {[%emt 00:01:00]} 36. Rf1 {[%clk 01:07:54]} {[%emt 00:00:49]} e2
{[%clk 01:05:43]} {[%emt 00:01:43]} 37. Rxf4 {[%clk 01:06:14]} {[%emt
00:02:10]} Rd2+ {[%clk 01:06:02]} {[%emt 00:00:11]} 0-1